Systematická botanika,

Bibliographic Details
Main Authors: Baranec, Tibor, 1952- (Author), Poláčiková, Mária (Author), Košťál, Jaroslav, 1968- (Author)
Format: Book
Language:Slovak
PhysicalDescription:205 s. ilustr., sch. 29 cm
Published: Nitra Slovenská poľnohospodárska univerzita 2004
ISBN:8080694532
Edition:2. prepr. vyd.
Subjects:

MARC

LEADER 00000nam a2200000 a 4500
001 vtls001521033
003 SK-MaSNL
005 20260302073919.0
008 240314s2004 xo a d p 001 0 slo
015 |a SNBA2005/04-01266 
020 |a 8080694532  |q (brož.)  |c 144,00 Sk 
035 |a 218A2847-5E19-47DF-8934-2ADC18014769 
035 |a urn:nbn:sk:snk-amygnb 
035 |a urn:nbn:sk:snk-am00cjs6 
040 |a SNK  |b slo  |c SNK  |e AACR2 
041 0 |a slo 
044 |a xo  |c SK 
072 7 |a 58  |x Botanika  |2 konspekt 
080 |a (075.8)  |2 MDT-MRF 
080 |a 582  |2 MDT-MRF 
100 1 |a Baranec, Tibor,  |d 1952-  |4 aut  |9 188363 
245 1 0 |a Systematická botanika,  |c Tibor Baranec, Mária Poláčiková, Jaroslav Košťál 
250 |a 2. prepr. vyd. 
260 |a Nitra  |b Slovenská poľnohospodárska univerzita  |c 2004 
300 |a 205 s.  |b ilustr., sch.  |c 29 cm 
500 |a Na tit. strane 1. preprac. vyd. 
504 |a Bibliogr. s. 205. Menný reg. slov., lat. Terminologický slovník 
506 |a 1000 výtl. 
521 |a Pre študentov SPU 
650 0 7 |a systematická botanika  |2 SNKPH  |9 692 
655 7 |a učebnice vysokých škôl  |2 SNKPH  |9 70191 
700 1 |a Poláčiková, Mária  |4 aut  |9 13081 
700 1 |a Košťál, Jaroslav,  |d 1968-  |4 aut  |9 105404 
919 |a 80-8069-453-2 
968 |d 56/59 
999 |c 1162845  |d 1164775 
952 |a SNK  |b SNK  |y PREZ  |7 0  |p 17A0461384  |o snkSB 70194  |i snk2005/4579  |8 0  |0 0  |1 0  |4 0  |d 2005-03-23  |f 1  |l 0  |r 2025-04-25 00:00:00  |w 2026-02-24 
952 |a SNK  |b SNK  |y VYP  |7 0  |p 17A0952716  |o snkSB 70194 D1  |i snk2005/4580  |8 0  |0 0  |1 0  |4 0  |d 2005-03-23  |l 0  |r 2016-06-30 00:00:00  |w 2026-02-24